000 00756 a2200253 4500
001 41206
005 20260407155706.0
008 260407a2001 arg spa d
003 AR-UNSa-BCEJYS
040 _aAR-UNSa-BCEJYS
_bspa
_cAR-UNSa-BCEJYS
080 _a347.7
_xDerecho Mercantil. Derecho Comercial
245 1 0 _aEl régimen penal en el derecho comercial
264 1 _aBuenos Aires :
_bAD-HOC
_c2001
300 _a47 p.
_c23 cm.
041 _aspa
942 _cBK
590 _aniveau_biblio:m niveau_hierar:0
100 1 _aBaigún, David
700 1 _aKemelmajer de Carlucci, Aída
700 1 _aPalmero, Juan C.
700 1 _aRouillon, Adolfo A.N.
700 1 _aKleidermacher, Arnoldo
700 1 _aInstituto Argentino de Derecho Comercial
999 _c3420
_d3420